| 000 | 00616nam a2200205Ia 4500 | ||
|---|---|---|---|
| 003 | GCL | ||
| 008 | 140319s9999 xx 000 0 ara d | ||
| 040 |
_aGCL / _cGCL |
||
| 082 | 0 | 4 |
_a801.93 _bج ا |
| 100 | 1 | _aجابر عصفور | |
| 245 | 1 | 0 |
_aافاق العصر / _cجابر عصفور |
| 260 |
_aسوريا : _bدار المدى للثقافة والنشر ، _c1997 |
||
| 300 |
_a227ص ؛ _c22سم |
||
| 650 | 0 | 4 | _aالشعر العربى |
| 650 | 0 | 4 | _aالادب العربى |
| 650 | 0 | 4 | _aالادب |
| 650 | 0 | 4 | _aالنقد الادبى |
| 650 | 0 | 4 | _aالرسائل الادبية |
| 942 |
_2ddc _cBK |
||
| 999 |
_c51563 _d51563 |
||